Library Banner

Steam generators : (Record no. 111712)

MARC details
000 -LEADER
fixed length control field 00552cam a22001937a 4500
001 - CONTROL NUMBER
control field 15199236
005 - DATE AND TIME OF LATEST TRANSACTION
control field 20190329094030.0
008 - FIXED-LENGTH DATA ELEMENTS--GENERAL INFORMATION
fixed length control field 080229s2008 gw a b 001 0 eng
020 ## - INTERNATIONAL STANDARD BOOK NUMBER
International Standard Book Number 9783540777144 (hbk.)
020 ## - INTERNATIONAL STANDARD BOOK NUMBER
International Standard Book Number 3540777148 (hbk.)
040 ## - CATALOGING SOURCE
Transcribing agency PK-LaUMT
082 04 - DEWEY DECIMAL CLASSIFICATION NUMBER
Classification number 621.183
Edition number 22
Item number ANN-S
100 1# - MAIN ENTRY--PERSONAL NAME
Personal name Annaratone, Donatello
245 10 - TITLE STATEMENT
Title Steam generators :
Remainder of title description and design /
Statement of responsibility, etc by Donatello Annaratone
260 ## - PUBLICATION, DISTRIBUTION, ETC. (IMPRINT)
Place of publication, distribution, etc Berlin :
Name of publisher, distributor, etc Springer,
Date of publication, distribution, etc 2008
300 ## - PHYSICAL DESCRIPTION
Extent xv, 427 p. :
Other physical details ill. ;
Dimensions 24 cm.
650 #0 - SUBJECT ADDED ENTRY--TOPICAL TERM
Topical term or geographic name as entry element Steam-boilers.
942 ## - ADDED ENTRY ELEMENTS (KOHA)
Koha item type Books
Holdings
Withdrawn status Lost status Damaged status Home library Current library Date acquired Full call number Barcode Date last seen Price effective from Koha item type
      UMT Main Campus UMT Main Campus 2019-03-29 621.183 ANN-S 128233 2019-03-29 2019-03-29 Books